00716 2200193 4500245006000000020001800060250001200078100002100090700001800111700002200129650001700151005001900168260004200187041001400229084001100243300002300254500023600277336000900513 aKeajaiban Toko Kelontong NamiyacHigashino, KeigohText a9786020648293 aCet. 18 aHigashino, Keigo aFaira Ammadea aPandam Kuntaswari aNovel Remaja a20240115103416 aJakartabGramedia Pustaka Utamac2023 aIndonesia a808.83 a398 hlm. :c20 cm. aKetika tiga pemuda berandal bersembunyi di toko kelontong tak berpenghuni setelah melakukan pencurian, sepucuk surat misterius mendadak diselipkan ke dalam toko melalui lubang surat. Surat yang berisi pemintaan saran. Sungguh aneh. atext